Books of the Bible Quiz Stats

 Plays Quiz Updated Apr 2, 2018

Score 0/66 Timer 08:00
49 Plays Today
Testament Book % Correct
Old TestamentGenesis
97%
Old TestamentExodus
94.7%
New TestamentJohn
93.2%
New TestamentLuke
92.4%
New TestamentMark
92.1%
New TestamentMatthew
91.7%
Old TestamentLeviticus
91.2%
Old TestamentNumbers
90.7%
Old TestamentDeuteronomy
89%
Old TestamentPsalms
88.1%
Old TestamentRuth
86.2%
New TestamentRevelation to John
85.4%
New TestamentActs
82.3%
Old TestamentJob
81.6%
Old Testament1 Kings
80.7%
Old Testament2 Kings
80.7%
New TestamentRomans
80.3%
New Testament1 Corinthians
77.7%
New Testament2 Corinthians
77.5%
Old TestamentJudges
76.5%
Old TestamentProverbs
76.1%
Old TestamentJoshua
75.5%
Old TestamentSong of Solomon
75.2%
New Testament2 John
74.2%
New Testament1 John
73.6%
Old Testament1 Samuel
73.5%
Old Testament2 Samuel
73.4%
Old TestamentEsther
73.3%
Old TestamentIsaiah
73.1%
New Testament3 John
71.5%
New TestamentEphesians
69.8%
Old TestamentDaniel
68.8%
Old Testament1 Chronicles
67.8%
Testament Book % Correct
Old Testament2 Chronicles
67.7%
Old TestamentEzekiel
67.6%
New Testament1 Peter
67%
New TestamentGalatians
66.9%
New Testament2 Peter
66.8%
Old TestamentJeremiah
66.2%
Old TestamentEzra
65.2%
New TestamentJude
64.8%
Old TestamentJonah
64.2%
New Testament1 Timothy
64.1%
New Testament2 Timothy
63.9%
Old TestamentEcclesiastes
62.9%
New TestamentJames
62.6%
New TestamentColossians
62.2%
Old TestamentNehemiah
60.8%
Old TestamentMalachi
60.7%
New TestamentHebrews
60.5%
New TestamentPhilippians
60.3%
New Testament1 Thessalonians
59.4%
New Testament2 Thessalonians
59.1%
Old TestamentLamentations
57.8%
Old TestamentMicah
57.8%
Old TestamentAmos
57.8%
New TestamentTitus
57%
Old TestamentObadiah
56.6%
Old TestamentZechariah
54.5%
Old TestamentHosea
53.7%
Old TestamentHabakkuk
53.4%
New TestamentPhilemon
52.6%
Old TestamentJoel
51.8%
Old TestamentZephaniah
50.2%
Old TestamentHaggai
48.1%
Old TestamentNahum
47.8%

You're not logged in!

Compare scores with friends on all Sporcle quizzes.
OR
Log In

Sporcle TV

Today on Sporcle TV


Watch our educational content, quiz creation guides, and fun videos on Sporcle TV.

Show Comments

Extras

Top Quizzes Today


Score Distribution

Your Account Isn't Verified!

In order to create a playlist on Sporcle, you need to verify the email address you used during registration. Go to your Sporcle Settings to finish the process.

Report this User

Report this user for behavior that violates our Community Guidelines.

Details: